Statistics for Historical Timeline of the United Kingdom

Click here to take the quiz!

General Stats

  • This quiz has been taken 107 times
  • The average score is 9 of 19

Answer Stats

YearHintAnswer% Correct
43R____ EmpireRoman Empire
98%
1707Kingdom of G____ _______Kingdom of Great Britain
94%
1066Kingdom of E______Kingdom of England
82%
1801United Kingdom of G____ _______ & _______United Kingdom of Great Britain & Ireland
73%
Kingdom of W_____Kingdom of Wessex
69%
Kingdom of E____Kingdom of Essex
65%
843Kingdom of S______Kingdom of Scotland
63%
Kingdom of S_____Kingdom of Sussex
61%
Kingdom of K___Kingdom of Kent
60%
Kingdom of N__________Kingdom of Northumbria
53%
Kingdom of East ______Kingdom of East Anglia
52%
Kingdom of M_____Kingdom of Mercia
49%
450Kingdom of Strath_____Kingdom of Strathclyde
28%
500Kingdom of Gwy____Kingdom of Gwynedd
22%
Kingdom of Ber_____Kingdom of Bernicia
7%
Kingdom of the Hw____Kingdom of the Hwicce
6%
Kingdom of Dei__Kingdom of Deira
5%
Kingdom of Lind___Kingdom of Lindsey
4%
Kingdom of Hae_______Kingdom of Haestingas
1%

Score Distribution

Percentile by Number Answered

Percent of People with Each Score

Your Score History

You have not taken this quiz